| 000 | 00832cam a2200277 4500 | ||
|---|---|---|---|
| 008 | 090401t1989 xxu||||| |||| 00| 0 eng d | ||
| 020 | _a0944426603 | ||
| 035 | _a(Sirsi) u78400 | ||
| 041 | _aeng | ||
| 050 | _a333.70285 | ||
| 245 | _aFundamentals of geographic information systems: a compendium. | ||
| 260 |
_aBethsada, MD _bAmerican Society for Photogrammetry and Remote Sensing _c1989 |
||
| 300 | _avi,248p. ill. ; 28cm. | ||
| 350 | _a12.95 | ||
| 650 | _aDATA CAPTURE | ||
| 650 | _aDATA MANIPULATION | ||
| 650 | _aDATA QUALITY | ||
| 650 | _aGIS | ||
| 650 | _aGIS | ||
| 690 | _aLAND SURVEYING | ||
| 700 |
_aRipple, William J. _xEditor |
||
| 710 |
_aAmerican Society for Photogrammetry and Remote Sensing _93484 |
||
| 710 |
_aAmerican Congress on Surveying and Mapping _958 |
||
| 942 | _n0 | ||
| 948 | _c19/05/1997 | ||
| 999 |
_c96439 _d96439 |
||